Rob's General Knowledge #4 - Statistics

General Stats
  • This quiz has been taken 34 times
  • The average score is 5 of 20
Answer Stats
Question Answer % Correct
Marsh fever is a variant of which insect-borne disease? Malaria
76%
What flavour is Cointreau? Orange
69%
Kippers are made from which fish? Herring
45%
Which seafood is served in spaghetti alle vongole? Clams
34%
Outside the United States, which country has the largest number of active US military personnel? Japan
31%
Which singer had an early hit with a comic song called 'The Laughing Gnome'? David Bowie
28%
Raphael Ravenscroft performed the iconic sax solo on which 1978 pop song? Baker Street
24%
Where would you find the Resolute Desk? The Oval Office
24%
During the late 1950s, which prominent Nazi scientist presented several educational TV programmes on space exploration produced by Disney? Werner von Braun
24%
Which recurring character in the James Bond movies has been variously portrayed by Jack Lord, David Hedison and Jeffrey Wright? Felix Leiter
17%
Which language is generally recognised as being the world's oldest written language? Sumerian
17%
The Cenobites are the supernatural antagonists in which horror movie franchise? Hellraiser
14%
Since 1990, which country has been continuously ruled by the SWAPO party? Namibia
14%
Which US President had a pet snake named Emily Spinach? Theodore Roosevelt
14%
In darts, what is the lowest score which cannot be achieved in a single throw? 23
10%
The Moro Islamic Liberation Front (MILF) is an Islamist rebel group based in which country? Philippines
10%
Eccentric philosopher Jeremy Bentham kept what household item as a pet? A teapot
7%
With symptoms including bone softening and kidney failure, Itai-itai disease results from poisoning by which chemical element? Cadmium
7%
The 1997 hit 'Flagpole Sitta' by Harvey Danger was used as the theme song for which UK sitcom? Peep Show
7%
In 2014, entomologists named a newly discovered parasitic wasp of the genus Aleiodes after which famous singer? Shakira
3%
No matching quizzes found
Score Distribution
Percent of People with Each Score
Percentile by Number Answered
Your Score History
You have not taken this quiz